| 000 | 02485cam a22006254i 4500 | ||
|---|---|---|---|
| 003 | PE-LiUPU | ||
| 005 | 20250731180142.0 | ||
| 008 | 150706s2010 pe a rb 000 0 d | ||
| 020 | _a9789972902932 | ||
| 035 | _a(Sirsi) i9789972902932 | ||
| 040 |
_aPE-LiUPU _bspa _cPE-LiUPU _erda |
||
| 049 | _aPRUA | ||
| 082 | 0 | 4 |
_a551.6 _bV78 2010 |
| 082 | 0 | 4 |
_a551.6 _bV78 _221 |
| 100 | 1 |
_aVizcarra Andreu, Manuel Alberto, _d1938- , _eautor. |
|
| 245 | 1 | 0 |
_aCambios climáticos y tecnologías simbióticas / _cManuel Alberto Vizcarra Andreu. |
| 264 | 1 |
_aLima : _bARS Asesoía y Servicios S.A.C., _c2010. |
|
| 300 |
_a93 páginas : _bilustraciones ; _c21 centímetros. |
||
| 336 |
_atext _2rdacontent |
||
| 337 |
_aunmediated _2rdamedia |
||
| 338 |
_avolume _2rdacarrier |
||
| 500 | _a"Lima - Perú 2010" -- en la cubierta. | ||
| 504 | _aIncluye referencias bibliográficas al final de cada capítulo. | ||
| 505 | 0 | _aCambios climáticos -- Calentamiento global: Gases vs Partículas -- El ozono: Broquel Etereo -- Tecnologías simbióticas -- Algo más que tecnologías limpias. | |
| 526 | _aSEG44 | ||
| 526 | _aSEG26 | ||
| 526 | _aP159 | ||
| 526 | _aP155 | ||
| 526 | _aP154 | ||
| 526 | _aP153 | ||
| 526 | _aP150 | ||
| 526 | _aP100 | ||
| 526 | _aP31 | ||
| 526 | _aP30 | ||
| 526 | _aP26 | ||
| 526 | _aP25 | ||
| 526 | _aP24 | ||
| 526 | _aP22 | ||
| 526 | _aP15 | ||
| 526 | _aP10 | ||
| 541 | _g001-0000258; | ||
| 650 | 0 | 4 |
_aCambios climáticos _zPerú. |
| 650 | 0 | 4 |
_aClimatología _zPerú. |
| 650 | 0 | 4 | _aTecnología apropiada. |
| 910 |
_bjv _cjvm _d20100519 |
||
| 910 |
_btqv _cjhc _d20161005 |
||
| 942 |
_2ddc _cBOOK |
||
| 949 |
_a551.6 V78 2010 _wDEWEY _c1 _iFJ02559 _lCCODEBUJ1 _mBUJ _p22.60 _r0 _sY _tBOOK _u2016-10-5 _xINGENIERIA _PP24 _0COMPRA _o.STAFF. Colección General Juliaca |
||
| 949 |
_a551.6 V78 _wDEWEY _c1 _i61706 _lCCODEBUL1 _mBUL _p16.00 _r0 _sY _tBOOK _u2015-7-6 _xINGENIERIA _PP24 _0COMPRA _o.STAFF. Colección General |
||
| 994 |
_aC0 _bPEPRU |
||
| 596 | _a1 3 | ||
| 999 |
_a551.6 V78 _wDEWEY _c50860 _i61706 _f2021-11-5 _g6 _lCCODEBUL1 _mBUL _p16.00 _r0 _sN _tBOOK _u2015-7-6 _xBIBLIOTECA _PP24 _0COMPRA _o.STAFF. Colección General _d50860 |
||
| 999 |
_a551.6 V78 2010 _wDEWEY _c1 _iFJ02559 _f2022-1-25 _g4 _lCCODEBUJ1 _mBUJ _p22.60 _r0 _sY _tBOOK _u2016-10-5 _xINGENIERIA _PP24 _0COMPRA _o.STAFF. Colección General Juliaca |
||
| 980 |
_81 _gALBERTO SANCHEZ Responsable de Automatización |
||